000 00442cam a2200169ua 4500
041 _aeng
_h
082 _a828.09
_bWRI/VI
100 _aWright, Austin .
245 _aVictorian literature: Modern essays in criticism /
_cAustin Wright.
_hTextual Documents
250 _a1 /
_b.
260 _aLondon :
_bOxford University Press ,
_c1962.
300 _a377 ; .
504 _a
942 _cBK
999 _c4021
_d4021